<?xml version="1.0" encoding="UTF-8"?>
<record
    xmlns:xsi="http://www.w3.org/2001/XMLSchema-instance"
    xsi:schemaLocation="http://www.loc.gov/MARC21/slim http://www.loc.gov/standards/marcxml/schema/MARC21slim.xsd"
    xmlns="http://www.loc.gov/MARC21/slim">

  <leader>03818njm a2200577Ia 4500</leader>
  <controlfield tag="001">25656</controlfield>
  <controlfield tag="003">IT-RoPAU</controlfield>
  <controlfield tag="005">20220918181125.0</controlfield>
  <controlfield tag="008">131025s9999    xx            000 0 und d</controlfield>
  <datafield tag="040" ind1=" " ind2=" ">
    <subfield code="a">IT-RoPAU</subfield>
  </datafield>
  <datafield tag="040" ind1=" " ind2=" ">
    <subfield code="c">IT-RoPAU</subfield>
  </datafield>
  <datafield tag="041" ind1=" " ind2=" ">
    <subfield code="a">ITALIANO</subfield>
  </datafield>
  <datafield tag="999" ind1=" " ind2=" ">
    <subfield code="c">100060</subfield>
    <subfield code="d">100060</subfield>
  </datafield>
  <datafield tag="999" ind1=" " ind2=" ">
    <subfield code="b">n.d.</subfield>
  </datafield>
  <datafield tag="100" ind1=" " ind2=" ">
    <subfield code="a">AA.VV.</subfield>
    <subfield code="9">794</subfield>
  </datafield>
  <datafield tag="100" ind1=" " ind2=" ">
    <subfield code="e">Autore musica</subfield>
    <subfield code="9">13101</subfield>
  </datafield>
  <datafield tag="100" ind1=" " ind2=" ">
    <subfield code="g">Codice autore musica SPICS: 12000</subfield>
    <subfield code="9">796</subfield>
  </datafield>
  <datafield tag="245" ind1=" " ind2=" ">
    <subfield code="a">Profeta non sar&#xF2;</subfield>
  </datafield>
  <datafield tag="250" ind1=" " ind2=" ">
    <subfield code="a">1a ed.</subfield>
  </datafield>
  <datafield tag="260" ind1=" " ind2=" ">
    <subfield code="a">ITALIA</subfield>
  </datafield>
  <datafield tag="260" ind1=" " ind2=" ">
    <subfield code="b">PHILIPS</subfield>
    <subfield code="c">1980 [1a Ed.:1980]</subfield>
  </datafield>
  <datafield tag="300" ind1=" " ind2=" ">
    <subfield code="a">DISCO</subfield>
  </datafield>
  <datafield tag="300" ind1=" " ind2=" ">
    <subfield code="c">46 minuti (Testo:  pag.)</subfield>
  </datafield>
  <datafield tag="500" ind1=" " ind2=" ">
    <subfield code="a">Canzone italiana. Musica leggera. Canzone sentimentale</subfield>
  </datafield>
  <datafield tag="505" ind1=" " ind2=" ">
    <subfield code="a">Profeta non sar&#xF2; [(Because) (5:00)] - Dolce veleno (4:00) - Romantica (6:00) - Il tocco dell'amore (4:00) - Dieci anni fa (5:00) - Il mago (4:00) - Forever and Ever (4:00) - I Dig You (5:00) - Feel Like I'll Never Feel This Way Again (4:00) - Good Bye My Love Good Bye (4:00) - Someday Somewhere (3:00) - We Shall Dance (4:00)</subfield>
  </datafield>
  <datafield tag="650" ind1=" " ind2=" ">
    <subfield code="a">CANZONE ITALIAN [DISCHI]</subfield>
    <subfield code="e">Codice MATERIA SPICS: 9950</subfield>
    <subfield code="9">13102</subfield>
  </datafield>
  <datafield tag="700" ind1=" " ind2=" ">
    <subfield code="a">Roussos Demis</subfield>
    <subfield code="g">Codice interprete SPICS: 11129</subfield>
    <subfield code="e">Interprete</subfield>
    <subfield code="9">13103</subfield>
  </datafield>
  <datafield tag="700" ind1=" " ind2=" ">
    <subfield code="a">Papathanassiou V.</subfield>
    <subfield code="g">Codice autore musica SPICS: 15603</subfield>
    <subfield code="e">Autore musica</subfield>
    <subfield code="p">Profeta non sar&#xF2; (Because)</subfield>
    <subfield code="9">13104</subfield>
  </datafield>
  <datafield tag="700" ind1=" " ind2=" ">
    <subfield code="a">Daphne</subfield>
    <subfield code="g">Codice autore SPICS: 27736</subfield>
    <subfield code="e">Autore</subfield>
    <subfield code="p">Profeta non sar&#xF2; (Because)</subfield>
    <subfield code="9">13105</subfield>
  </datafield>
  <datafield tag="700" ind1=" " ind2=" ">
    <subfield code="a">Costandinos Alec R.</subfield>
    <subfield code="g">Codice autore testo/musica SPICS: 14446</subfield>
    <subfield code="e">Autore testo/musica</subfield>
    <subfield code="p">Profeta non sar&#xF2; (Because) - Dolce veleno - Forever and Ever - Someday Somewhere</subfield>
    <subfield code="9">13106</subfield>
  </datafield>
  <datafield tag="700" ind1=" " ind2=" ">
    <subfield code="a">Luberti Marco</subfield>
    <subfield code="g">Codice autore musica SPICS: 23581</subfield>
    <subfield code="e">Autore musica</subfield>
    <subfield code="p">Dolce veleno</subfield>
    <subfield code="9">13107</subfield>
  </datafield>
  <datafield tag="700" ind1=" " ind2=" ">
    <subfield code="a">Barbelivien Didier</subfield>
    <subfield code="g">Codice autore testo/musica SPICS: 11322</subfield>
    <subfield code="e">Autore testo/musica</subfield>
    <subfield code="p">Dolce veleno - Romantica</subfield>
    <subfield code="9">13108</subfield>
  </datafield>
  <datafield tag="700" ind1=" " ind2=" ">
    <subfield code="a">Malgioglio Cristiano</subfield>
    <subfield code="g">Codice autore musica SPICS: 23125</subfield>
    <subfield code="e">Autore musica</subfield>
    <subfield code="p">Romantica</subfield>
    <subfield code="9">13109</subfield>
  </datafield>
  <datafield tag="700" ind1=" " ind2=" ">
    <subfield code="a">Greco Larry</subfield>
    <subfield code="g">Codice autore testo/musica SPICS: 27737</subfield>
    <subfield code="e">Autore testo/musica</subfield>
    <subfield code="p">Romantica</subfield>
    <subfield code="9">13110</subfield>
  </datafield>
  <datafield tag="700" ind1=" " ind2=" ">
    <subfield code="a">Daiano Fontana Claudio</subfield>
    <subfield code="g">Codice autore musica SPICS: 14335</subfield>
    <subfield code="e">Autore musica</subfield>
    <subfield code="p">Il tocco dell'amore - Dieci anni fa</subfield>
    <subfield code="9">13111</subfield>
  </datafield>
  <datafield tag="700" ind1=" " ind2=" ">
    <subfield code="a">Hill Dan</subfield>
    <subfield code="g">Codice autore testo/musica SPICS: 27738</subfield>
    <subfield code="e">Autore testo/musica</subfield>
    <subfield code="p">Il tocco dell'amore</subfield>
    <subfield code="9">13112</subfield>
  </datafield>
  <datafield tag="700" ind1=" " ind2=" ">
    <subfield code="a">Billon Pierre</subfield>
    <subfield code="g">Codice autore SPICS: 27739</subfield>
    <subfield code="e">Autore</subfield>
    <subfield code="p">Dieci anni fa</subfield>
    <subfield code="9">13113</subfield>
  </datafield>
  <datafield tag="700" ind1=" " ind2=" ">
    <subfield code="a">Revaux Jacques</subfield>
    <subfield code="g">Codice autore testo/musica SPICS: 23744</subfield>
    <subfield code="e">Autore testo/musica</subfield>
    <subfield code="p">Dieci anni fa</subfield>
    <subfield code="9">13114</subfield>
  </datafield>
  <datafield tag="700" ind1=" " ind2=" ">
    <subfield code="a">Bardotti Sergio</subfield>
    <subfield code="g">Codice autore musica SPICS: 13862</subfield>
    <subfield code="e">Autore musica</subfield>
    <subfield code="p">Il mago</subfield>
    <subfield code="9">13115</subfield>
  </datafield>
  <datafield tag="700" ind1=" " ind2=" ">
    <subfield code="a">Jouveaux Michel</subfield>
    <subfield code="g">Codice autore SPICS: 27740</subfield>
    <subfield code="e">Autore</subfield>
    <subfield code="p">Il mago</subfield>
    <subfield code="9">13116</subfield>
  </datafield>
  <datafield tag="700" ind1=" " ind2=" ">
    <subfield code="a">Barnell Jeff</subfield>
    <subfield code="g">Codice autore testo/musica SPICS: 27741</subfield>
    <subfield code="e">Autore testo/musica</subfield>
    <subfield code="p">Il mago</subfield>
    <subfield code="9">13117</subfield>
  </datafield>
  <datafield tag="700" ind1=" " ind2=" ">
    <subfield code="a">Vlavianos S.</subfield>
    <subfield code="g">Codice autore testo/musica SPICS: 14445</subfield>
    <subfield code="e">Autore testo/musica</subfield>
    <subfield code="p">Forever and Ever - I Dig You - Someday Somewhere</subfield>
    <subfield code="9">13118</subfield>
  </datafield>
  <datafield tag="700" ind1=" " ind2=" ">
    <subfield code="a">Fitoussi R.</subfield>
    <subfield code="g">Codice autore musica SPICS: 27743</subfield>
    <subfield code="e">Autore musica</subfield>
    <subfield code="p">I Dig You</subfield>
    <subfield code="9">13119</subfield>
  </datafield>
  <datafield tag="700" ind1=" " ind2=" ">
    <subfield code="a">Case Jim</subfield>
    <subfield code="g">Codice autore musica SPICS: 27744</subfield>
    <subfield code="e">Autore musica</subfield>
    <subfield code="p">Feel Like I'll Never Feel This Way Again</subfield>
    <subfield code="9">13120</subfield>
  </datafield>
  <datafield tag="700" ind1=" " ind2=" ">
    <subfield code="a">Prewitt Joe</subfield>
    <subfield code="g">Codice autore testo/musica SPICS: 27745</subfield>
    <subfield code="e">Autore testo/musica</subfield>
    <subfield code="p">Feel Like I'll Never Feel This Way Again</subfield>
    <subfield code="9">13121</subfield>
  </datafield>
  <datafield tag="700" ind1=" " ind2=" ">
    <subfield code="a">Lloyd Jack</subfield>
    <subfield code="g">Codice autore musica SPICS: 27746</subfield>
    <subfield code="e">Autore musica</subfield>
    <subfield code="p">Good Bye My Love Good Bye</subfield>
    <subfield code="9">13122</subfield>
  </datafield>
  <datafield tag="700" ind1=" " ind2=" ">
    <subfield code="a">Munro Klaus</subfield>
    <subfield code="g">Codice autore SPICS: 27561</subfield>
    <subfield code="e">Autore</subfield>
    <subfield code="p">Good Bye My Love Good Bye</subfield>
    <subfield code="9">13123</subfield>
  </datafield>
  <datafield tag="700" ind1=" " ind2=" ">
    <subfield code="a">Panas M.</subfield>
    <subfield code="g">Codice autore testo/musica SPICS: 27747</subfield>
    <subfield code="e">Autore testo/musica</subfield>
    <subfield code="p">Good Bye My Love Good Bye</subfield>
    <subfield code="9">13124</subfield>
  </datafield>
  <datafield tag="700" ind1=" " ind2=" ">
    <subfield code="a">Bergman Boris</subfield>
    <subfield code="g">Codice autore musica SPICS: 15511</subfield>
    <subfield code="e">Autore musica</subfield>
    <subfield code="p">We Shall Dance</subfield>
    <subfield code="9">13125</subfield>
  </datafield>
  <datafield tag="700" ind1=" " ind2=" ">
    <subfield code="a">Roussos A.V.</subfield>
    <subfield code="g">Codice autore testo/musica SPICS: 15573</subfield>
    <subfield code="e">Autore testo/musica</subfield>
    <subfield code="p">We Shall Dance</subfield>
    <subfield code="9">13126</subfield>
  </datafield>
  <datafield tag="942" ind1=" " ind2=" ">
    <subfield code="c">MD</subfield>
    <subfield code="2">ddc</subfield>
  </datafield>
  <datafield tag="952" ind1=" " ind2=" ">
    <subfield code="0">0</subfield>
    <subfield code="1">0</subfield>
    <subfield code="4">0</subfield>
    <subfield code="6">25656_000000000000000</subfield>
    <subfield code="7">1</subfield>
    <subfield code="a">SPICS</subfield>
    <subfield code="b">SPICS</subfield>
    <subfield code="d">2013-10-25</subfield>
    <subfield code="l">0</subfield>
    <subfield code="o">25656</subfield>
    <subfield code="r">2013-10-25 00:00:00</subfield>
    <subfield code="w">2013-10-25</subfield>
    <subfield code="y">MD</subfield>
    <subfield code="z">Progr. Ins.: 5530 / N.Vol.: 1 / Copie: 1 - Copia rara: n.d. / date import: 01.01.2014 - By Epidotti, Trombetti, Vaglietti</subfield>
  </datafield>
</record>
